00846nam a2200241 a 450000100060000000300090000600800410001501500210005604000280007711000430010524500740014826000450022230000200026759800150028765000530030265000460035565000310040165000580043265000240049094200120051499000610052699900170058723367CO-ViMGA141112s2004 ck r 000 u spa d ack - 2009 - xxxx aCO-ViMGAbspacCO-ViMGA aColombia : Ministerio de Cultura9187510aCompendio de políticas culturales : bdocumento de discusión 2009 aBogotá : bMinisterio de Cultura; 2009 a507 p. ; 28 cm. aNEW - GRAL14aCinematografía - Políticas (Colombia)93370414aCultura - Legislación (Colombia)92291214aDiversidad Cultural93370514aIndustrias culturales - Políticas (Colombia)93370614aPatrimonio Cultural 2ddccBK aMinisterio de Cultura 2 ejemplares 21 19112010 n a745515 c31582d31582